Cargando...

A biofeedback primer /

Detalles Bibliográficos
Autor principal: Blanchard, Edward B.
Otros Autores: Epstein, Leonard H. (joint author.)
Formato: Printed Book
Lenguaje:English
Publicado: Reading, Mass. : Addison-Wesley Pub. Co., c1978.
Colección:Addison-Wesley series in clinical and professional psychology
Materias:
LEADER 00892nam a2200229 i 4500
008 780518s1978 maua b 001 0 eng
999 |c 122399  |d 122399 
010 |a  77074321  
020 |a 0201003384 
082 0 0 |a 152.188 
100 1 |a Blanchard, Edward B. 
245 1 2 |a A biofeedback primer /  |c Edward B. Blanchard, Leonard H. Epstein. 
260 |a Reading, Mass. :  |b Addison-Wesley Pub. Co.,  |c c1978. 
300 |a 218 p. :  |b ill. ;  |c 21 cm. 
490 0 |a Addison-Wesley series in clinical and professional psychology 
500 |a Includes index. 
504 |a Bibliography: p. [190]-210. 
650 0 |a Biofeedback training. 
700 1 |a Epstein, Leonard H.,  |e joint author. 
942 |c BK 
906 |a 7  |b cbc  |c orignew  |d 2  |e opcn  |f 19  |g y-gencatlg 
952 |0 0  |1 0  |2 ddc  |4 0  |6 152_188000000000000_BLA_B  |7 0  |9 135506  |a LIF  |b LIF  |c ST1  |d 2009-08-02  |i 115  |l 1  |m 2  |o 152.188 BLA/B  |p LIF115  |r 2016-12-08  |s 2014-06-17  |y BK